000 00337nam a2200109Ia 4500
008 240129s9999 xx 000 0 und d
100 _aYADAV, AJIT KUMAR
245 0 _aBIOCHEMICAL AND BIOTECHNICAL CHARACTERIZATION OF MICROBES CAUSING DENTAL CARIES
260 _bMEWAR UNIVERSITY, CHITTORGARH
_c2021
650 _aPharmacy
942 _cTHE
999 _c218927
_d218927